000
00317nam a2200133Ia 4500
008
240624s9999 xx 000 0 und d
041
_a
eng
082
_a
658.8 LIN
100
_a
LINTON IAN
245
_a
MARKETING TRAINING SERVICES
260
_c
1997
_a
New Delhi
_b
Routledge
300
_a
224 : p.
365
_c
BPS
_b
31
999
_c
28698
_d
28698